|
|
|
|
| LEADER |
00000nab a2200000 a 4500 |
| 001 |
vtls010705881 |
| 003 |
SK-MaSNL |
| 005 |
20260304185600.0 |
| 008 |
250709s2006 xo |||||||||||||||||slo| |
| 035 |
|
|
|a (urnnbn)urn:nbn:sk:snk:ar-a040pa
|
| 035 |
|
|
|a (uuid)448fc45e-649b-40d3-85bb-8a73889d134a
|
| 035 |
|
|
|a urn:nbn:sk:snk-ab3abt
|
| 040 |
|
|
|a SNKBUCL
|b slo
|c SNKBUCL
|e AACR2
|
| 041 |
0 |
|
|a slo
|
| 044 |
|
|
|a xo
|c SK
|
| 100 |
1 |
|
|a Pernecká, Ľubica
|4 aut
|9 301205
|
| 245 |
1 |
0 |
|a NÁVŠTEVA DÁNSKEHO NORMALIZAČNÉHO INŠTITÚTU
|c Ľubica Pernecká
|
| 773 |
0 |
|
|t Normalizácia : odborný časopis pre technickú normalizáciu
|g Roč. 12, č. 4 (2006), s. 27-28
|
| 850 |
|
|
|a Slovenská národná knižnica
|
| 852 |
|
|
|a Slovenská národná knižnica
|
| 954 |
|
|
|a odborná, vedecká literatúra pôvodná (slovenská)
|2 lita
|
| 958 |
|
|
|a article1
|
| 958 |
|
|
|a OND
|
| 958 |
|
|
|a EUIPO
|
| 999 |
|
|
|c 3044530
|d 3046460
|